000 00723caa a2200229 a 4500
999 _c18180
_d18180
005 20180209110130.0
008 160223s1949 ck r 00011 spa d
040 _aCo-BoIAvH
_cCo-BoIAvH
_dCo-BoIAvH
041 0 _aspa
044 _asp
082 1 4 _a583.734
_bF94r
100 1 _aFuch, Henry
245 1 0 _aLos rosales.
260 _aBarcelona:
_bEditorial Gustavo Gili,
_c1949.
300 _a238 páginas
546 _aTraducción del fránces por Noel Clarasó
650 1 0 _aJardinería.
651 1 4 _aRosas
_xbotánica
700 1 _aClarasó, Noel
_etraductor
773 0 _tRevista nacional de agricultura (Bogotá). -- Vol. 9, no. 118 (Abr. 1914). -- p. 337-339.
942 _2ddc
_cLIBRO